Lyrics to 'La Bella y la Bestia' by Reik, Morat - Statistics

General Stats
  • This quiz has been taken 33 times
  • The average score is 216 of 271
Answer Stats
Answer % Correct
a
100%
acabe
80%
amor
80%
apaga
80%
bella
80%
bestia
80%
borren
80%
botella
80%
calla
80%
cuando
80%
de
80%
deja
80%
dejarte
80%
dejaste
80%
despedida
80%
di
80%
dicen
80%
dolor
80%
duele
80%
el
80%
ella
80%
en
80%
escapó
80%
Ese
80%
esta
80%
estar
80%
estrellas
80%
foto
80%
fui
80%
haber
80%
habría
80%
hecho
80%
historia
80%
huellas
80%
ibas
80%
Incluso
80%
inventé
80%
la
80%
las
80%
llegaste
80%
lo
80%
luna
80%
más
80%
me
80%
Me
80%
mensaje
80%
mi
80%
música
80%
no
80%
noche
80%
nunca
80%
obliga
80%
olvidarte
80%
olvidaste
80%
pasado
80%
pasó
80%
por
80%
porque
80%
pudo
80%
que
80%
Que
80%
quien
80%
Quizás
80%
recuerda
80%
Recuerdos
80%
se
80%
si
80%
sin
80%
su
80%
sus
80%
Tal
80%
tal
80%
Tanto
80%
te
80%
termine
80%
una
80%
van
80%
vestido
80%
vez
80%
vida
80%
Y
80%
y
80%
yo
80%
alejó
60%
así
60%
canción
60%
Esa
60%
hoy
60%
nomás
60%
No matching quizzes found
Score Distribution
Percent of People with Each Score
Percentile by Number Answered
Your Score History
You have not taken this quiz